<?xml version="1.0" encoding="UTF-8"?><?xml-stylesheet type="text/xsl" href="static/style.xsl"?><OAI-PMH xmlns="http://www.openarchives.org/OAI/2.0/" xmlns:xsi="http://www.w3.org/2001/XMLSchema-instance" xsi:schemaLocation="http://www.openarchives.org/OAI/2.0/ http://www.openarchives.org/OAI/2.0/OAI-PMH.xsd"><responseDate>2026-04-28T19:32:16Z</responseDate><request verb="GetRecord" identifier="oai:uvadoc.uva.es:10324/38430" metadataPrefix="marc">https://uvadoc.uva.es/oai/request</request><GetRecord><record><header><identifier>oai:uvadoc.uva.es:10324/38430</identifier><datestamp>2021-06-18T07:18:36Z</datestamp><setSpec>com_10324_38</setSpec><setSpec>col_10324_787</setSpec></header><metadata><record xmlns="http://www.loc.gov/MARC21/slim" xmlns:doc="http://www.lyncode.com/xoai" xmlns:xsi="http://www.w3.org/2001/XMLSchema-instance" xmlns:dcterms="http://purl.org/dc/terms/" xsi:schemaLocation="http://www.loc.gov/MARC21/slim http://www.loc.gov/standards/marcxml/schema/MARC21slim.xsd">
<leader>00925njm 22002777a 4500</leader>
<datafield tag="042" ind1=" " ind2=" ">
<subfield code="a">dc</subfield>
</datafield>
<datafield tag="720" ind1=" " ind2=" ">
<subfield code="a">Moral Peñas, Silvia del</subfield>
<subfield code="e">author</subfield>
</datafield>
<datafield tag="260" ind1=" " ind2=" ">
<subfield code="c">2019</subfield>
</datafield>
<datafield tag="520" ind1=" " ind2=" ">
<subfield code="a">Este proyecto de fin de máster se centra en la optimización del proceso de síntesis de glicerofosfolípidos, más específicamente, en la síntesis de fosfatidilmioinositoles que porten los diferentes isómeros posicionales del ácido graso 16:1 en la posición sn2. Se engloba en un proyecto más amplio, dedicado al estudio de la acción antiinflamatoria de determinados ácidos grasos insaturados en el organismo.&#xd;
A grandes rasgos, está dividido en tres partes: la primera se dedica a la protección selectiva del mioisnositol, la segunda a la obtención del ácido graso y su incorporación sobre el monoacilglicerol para formar un diacilglicerol, y la última al ensamblaje del fosfodiacilglicerol y el mioinositol tanto quimio- como regioespecíficamente.</subfield>
</datafield>
<datafield tag="024" ind2=" " ind1="8">
<subfield code="a">http://uvadoc.uva.es/handle/10324/38430</subfield>
</datafield>
<datafield tag="245" ind1="0" ind2="0">
<subfield code="a">Avances en la síntesis de glicerofosfomioinositoles portadores del ácido graso (Z)-7-hexadecenoico</subfield>
</datafield>
</record></metadata></record></GetRecord></OAI-PMH>